Sinh động vật

Đã lưu trong:
书目详细资料
格式: 图书
语言:Undetermined
出版: Cần Thơ Viện Đại học Cần Thơ
主题:
标签: 添加标签
没有标签, 成为第一个标记此记录!
Thư viện lưu trữ: Trung tâm Học liệu Trường Đại học Cần Thơ
LEADER 00369nam a2200133Ia 4500
001 CTU_8943
008 210402s9999 xx 000 0 und d
082 |a 591 
082 |b S312 
245 0 |a Sinh động vật 
260 |a Cần Thơ 
260 |b Viện Đại học Cần Thơ 
650 |a zoology 
980 |a Trung tâm Học liệu Trường Đại học Cần Thơ